分省车牌-湖北省 Hubei Province license plate corresponding cities - Statistics

General Stats
  • This quiz has been taken 81 times
  • The average score is 12 of 17
Answer Stats
车牌 地市 % Correct
鄂A 武汉市
100%
鄂B 黄石市
94%
鄂C 十堰市
94%
鄂E 宜昌市
84%
鄂D 荆州市
81%
鄂F 襄阳市
78%
鄂J 黄冈市
75%
鄂H 荆门市
72%
鄂G 鄂州市
69%
鄂K 孝感市
59%
鄂P 神农架林区
53%
鄂Q 恩施土家族苗族自治州
53%
鄂S 随州市
53%
鄂M 仙桃市
50%
鄂R 天门市
50%
鄂L 咸宁市
47%
鄂N 潜江市
44%
No matching quizzes found
Score Distribution
Percent of People with Each Score
Percentile by Number Answered
Your Score History
You have not taken this quiz